Library Banner

3D home architect landscape design delux 6 (Record no. 55757)

MARC details
000 -LEADER
fixed length control field 00410nam a2200169Ia 4500
001 - CONTROL NUMBER
control field 58493
008 - FIXED-LENGTH DATA ELEMENTS--GENERAL INFORMATION
fixed length control field 140507s9999 xx 000 0 und d
020 ## - INTERNATIONAL STANDARD BOOK NUMBER
International Standard Book Number NA
040 ## - CATALOGING SOURCE
Transcribing agency PK-LaUMT
082 ## - DEWEY DECIMAL CLASSIFICATION NUMBER
Classification number 712
Item number THR-
245 ## - TITLE STATEMENT
Title 3D home architect landscape design delux 6
Remainder of title user's guide
260 ## - PUBLICATION, DISTRIBUTION, ETC. (IMPRINT)
Place of publication, distribution, etc USA:
Name of publisher, distributor, etc Broderbund,
Date of publication, distribution, etc 2004
300 ## - PHYSICAL DESCRIPTION
Extent 294 p.
546 ## - LANGUAGE NOTE
Language note EN
650 ## - SUBJECT ADDED ENTRY--TOPICAL TERM
Topical term or geographic name as entry element Landscape architecture
942 ## - ADDED ENTRY ELEMENTS (KOHA)
Koha item type Books
Holdings
Withdrawn status Lost status Source of classification or shelving scheme Damaged status Not for loan Home library Current library Date acquired Total Checkouts Full call number Barcode Date last seen Price effective from Koha item type Date checked out
    Dewey Decimal Classification     UMT Main Campus UMT Main Campus 2014-05-07   712 THR- 81022 2014-05-08 2014-05-08 Books  
    Dewey Decimal Classification     UMT Main Campus UMT Main Campus 2014-06-28 1 712 THR- 77162 2015-08-17 2014-06-28 Books 2015-08-05